000 00732nam a2200253Ia 4500
003 OSt
005 20220926033907.0
006 a|||||r|||| 00| 0
007 ta
008 220923b |||||||| |||| 00| 0 eng d
037 _cGeneral Book
040 _aRTL
_cRTL
_beng
041 _2eng
_aeng
082 _aU672(J), M6
100 _aSingh V R
_9339678
245 0 _aPerspectives in agricultural typology
260 _aVaranasi
_bStar Distributors India
_c1986
300 _avi,264p
_ccm.
500 _aBibliography P 237-49; Appendix P 230-36
650 _aAgricultural Geography
700 _a Singh N K Ed.
942 _hU672(J), M6
_cGB
_2CC
999 _c658207
_d658207